Sustainable agricultural management of common land (Record no. 72515)

MARC details
000 -LEADER
fixed length control field 01467cam a2200217 4500
001 - CONTROL NUMBER
control field WB3915-25
008 - FIXED-LENGTH DATA ELEMENTS--GENERAL INFORMATION
fixed length control field 030417n2003 000 0 eng u
035 ## - SYSTEM CONTROL NUMBER
System control number (Sirsi) u122038
245 ## - TITLE STATEMENT
Title Sustainable agricultural management of common land
260 ## - PUBLICATION, DISTRIBUTION, ETC.
Date of publication, distribution, etc. 2003
490 ## - SERIES STATEMENT
Series statement DEFRA News Release
Volume/sequential designation (144/03) 16 April 2003 (2)
520 ## - SUMMARY, ETC.
Summary, etc. A report setting out the Stakeholder Working Group's recommendations for legislation in England and Wales to promote sustainable agricultural use and management of common land has been published. The report recommends the establishment of statutory commons associations with powers to regulate the agricultural use of one or more commons subject to the approval of the SoS or National Assembly and statutory regional advisory boards to advise the same on the confirmation or not of these regulations. The SoS and the National Assembly should have reserve powers to intervene in the unsustainable agricultural use of common land. A public consultation is expected in June 2003. The report is available at http://www.defra.gov.uk/wildlife-countryside/issues/common/legislation/stakeholder.htm. http://www.defra.gov.uk/news/2003/030416b.htm http://www.defra.gov.uk/news/2003/030416b.htm
590 ## - LOCAL NOTE (RLIN)
Local note WB
650 ## - SUBJECT ADDED ENTRY--TOPICAL TERM
Topical term or geographic name entry element COMMON LAND
650 ## - SUBJECT ADDED ENTRY--TOPICAL TERM
Topical term or geographic name entry element COMMONS ASSOCIATIONS
650 ## - SUBJECT ADDED ENTRY--TOPICAL TERM
Topical term or geographic name entry element RIGHTS OF COMMON
650 ## - SUBJECT ADDED ENTRY--TOPICAL TERM
Topical term or geographic name entry element SUSTAINABLE AGRICULTURE
650 ## - SUBJECT ADDED ENTRY--TOPICAL TERM
Topical term or geographic name entry element LAND MANAGEMENT
690 ## - LOCAL SUBJECT ADDED ENTRY--TOPICAL TERM (OCLC, RLIN)
Topical term or geographic name as entry element RURAL-AGRICULTURE AND FORESTRY
942 ## - ADDED ENTRY ELEMENTS (KOHA)
Suppress in OPAC 0
Holdings
Withdrawn status Lost status Source of classification or shelving scheme Damaged status Not for loan Home library Current library Shelving location Date acquired Total Checkouts Full call number Barcode Date last seen Copy number Price effective from Koha item type
    Dewey Decimal Classification     London London News article 17/04/2003   WB3915-25 122038-1001 06/08/2019 1 06/08/2019 News article